000 00497nam a22001457a 4500
999 _c522692
_d522692
008 230504b ||||| |||| 00| 0 eng d
100 _aFreeman, John
_940583
245 _aProblems of parliamentary reform in Britain
260 _aJournal of Constitutional and Parliamentary Studies
300 _a53(1-4), Jan-Dec, 2019: p.1-16
650 _aParliamentary reforms, Britain
_940584
773 _aJournal of Constitutional and Parliamentary Studies
906 _aPARLIAMENT
942 _cAR